000 00338pab a2200145 454500
008 180718b1983 xxu||||| |||| 00| 0 eng d
100 _aKant, Krishan
245 _aWater and nation's conscience
260 _c1983
300 _a12-14,34
362 _a6 Aug.
650 _aWater Supply - India
773 _aMainstream
909 _a20625
999 _c20625
_d20625